Statistics for Countries by Greatest High-Low Difference

Click here to take the quiz!

General Stats

  • This quiz has been taken 48 times
  • The average score is 17 of 20

Answer Stats

RankRangeCountry% Correct
18,848 mChina
100%
48,588 mIndia
100%
38,611 mPakistan
100%
205,670 mRussia
100%
28,848 mNepal
94%
67,234 mAfghanistan
91%
97,065 mArgentina
91%
165,959 mCanada
91%
116,893 mChile
91%
136,452 mBolivia
89%
126,802 mPeru
89%
57,473 mBhutan
87%
195,700 mColombia
83%
87,142 mKazakhstan
81%
77,195 mTajikistan
79%
175,892 mTanzania
79%
146,275 mUnited States
79%
185,881 mBurma
77%
156,267 mEcuador
77%
107,004 mKyrgyzstan
68%

Score Distribution

Percentile by Number Answered

Percent of People with Each Score

Your Score History

You have not taken this quiz